ბათუმის შოთა რუსთაველის სახელმწიფო უნივერსიტეტის ბიბლიოთეკა

თხზულებანი 4 ტომად. წ.1-2 პირისპირ (ბიბ.ჩანაწერი № 48495)

000 -LEADER
fixed length control field 00601nam a2200205Ia 4500
001 - CONTROL NUMBER
control field 15390
003 - CONTROL NUMBER IDENTIFIER
control field GE_BSU
008 - FIXED-LENGTH DATA ELEMENTS--GENERAL INFORMATION
fixed length control field 181216s||||||||xx |||||||||||||| ||und||
040 ## - CATALOGING SOURCE
Transcribing agency GE_BSU
100 ## - MAIN ENTRY--PERSONAL NAME
Personal name ქუთათელი, ა.
245 ## - TITLE STATEMENT
Title თხზულებანი 4 ტომად. წ.1-2 პირისპირ
245 ## - TITLE STATEMENT
Remainder of title რომანი
260 ## - PUBLICATION, DISTRIBUTION, ETC.
Place of publication, distribution, etc. თბილისი
260 ## - PUBLICATION, DISTRIBUTION, ETC.
Name of publisher, distributor, etc. საბჭ. საქართველო
260 ## - PUBLICATION, DISTRIBUTION, ETC.
Date of publication, distribution, etc. 1967
300 ## - PHYSICAL DESCRIPTION
Extent 607გვ.22სმ.
653 ## - INDEX TERM--UNCONTROLLED
Uncontrolled term პირისპირ
653 ## - INDEX TERM--UNCONTROLLED
Uncontrolled term რომანი.
942 ## - ADDED ENTRY ELEMENTS (KOHA)
Koha item type წიგნი
ეგზემპლარები
Withdrawn status Lost status Damaged status Not for loan Date acquired Barcode Date last seen Price effective from Koha item type
        2018-12-17 37800 2018-12-17 2018-12-17 წიგნი
        2018-12-17 37801 2018-12-17 2018-12-17 წიგნი